LIBRARY & INFORMATION CENTRE, KCAET, TAVANUR

ONLINE PUBLIC ACCESS CATALOGUE (OPAC)

Engineering Materials / [Material Science] (Record no. 126)

MARC details
000 -LEADER
fixed length control field 00479cam a2200169ua 4500
020 ## - INTERNATIONAL STANDARD BOOK NUMBER
ISBN 9789380358959
082 ## - DEWEY DECIMAL CLASSIFICATION NUMBER
Classification number 691
Item number RAN/EN
100 ## - MAIN ENTRY--AUTHOR NAME
Personal name Rangwala, S C.
100 ## - MAIN ENTRY--AUTHOR NAME
Personal name Rangwala K.S.
100 ## - MAIN ENTRY--AUTHOR NAME
Personal name Rangwala P.S.
245 ## - TITLE STATEMENT
Title Engineering Materials / [Material Science]
250 ## - EDITION STATEMENT
Edition statement 16 / 41st/ 38 th
260 ## - PUBLICATION, DISTRIBUTION, ETC. (IMPRINT)
Place of publication New Delhi :
Name of publisher Charotar Publishing House Pvt.Ltd
Year of publication 2014
300 ## - PHYSICAL DESCRIPTION
Number of Pages 480, 444
500 ## - GENERAL NOTE
General note *CSS<br/>A Textbook for Engineering Students
942 ## - ADDED ENTRY ELEMENTS (KOHA)
Koha item type Books
Holdings
Withdrawn status Lost status Damaged status Home library Current library Date acquired Full call number Accession Number Koha item type Shelving location Collection code Cost, normal purchase price Source of acquisition
    Damaged KAUAET KAUAET 07/04/2012 691 RAN/EN 17941 Books        
      KAUAET KAUAET 07/04/2012 691 RAN/EN 17940 Books Binding Shelf      
      KAUAET KAUAET 31/03/2012 691 RAN/EN 22470 Books General Stacks Non-fiction    
      KAUAET KAUAET 31/03/2012 691 RAN/EN 22471 Books General Stacks Non-fiction    
      KAUAET KAUAET 31/03/2012 691 RAN/EN 22472 Books General Stacks Non-fiction    
      KAUAET KAUAET 31/03/2012 691 RAN/EN 22473 Books General Stacks Non-fiction    
      KAUAET KAUAET 31/03/2012 691 RAN/EN 22474 Books General Stacks Non-fiction    
      KAUAET KAUAET 31/03/2012 691 RAN/EN 22475 Books General Stacks Non-fiction    
      KAUAET KAUAET 31/03/2012 691 RAN/EN 22476 Books General Stacks Non-fiction    
      KAUAET KAUAET 31/03/2012 691 RAN/EN 22477 Books General Stacks Non-fiction    
      KAUAET KAUAET 31/03/2012 691 RAN/EN 22478 Books General Stacks Non-fiction    
      KAUAET KAUAET 31/03/2012 691 RAN/EN 22479 Books General Stacks Non-fiction    
      KAUAET KAUAET 17/10/2012 691 RAN/EN BB182 Book Bank scheme for SC students Scheme Non-fiction 130.00  
      KAUAET KAUAET 17/10/2012 691 RAN/EN BB183 Book Bank scheme for SC students Scheme Non-fiction 130.00  
      KAUAET KAUAET 30/03/2013 691 RAN/EN 23721 Books General Stacks Non-fiction 150.00 Calicut Book Distributors
      KAUAET KAUAET 30/03/2013 691 RAN/EN 23720 Books General Stacks Non-fiction 150.00 Calicut Book Distributors
      KAUAET KAUAET 04/07/2016 691 RAN/EN 24996 Books General Stacks   200.00 Aman Book Stall, Calicut
      KAUAET KAUAET 04/07/2016 691 RAN/EN 24997 Books General Stacks   200.00 Aman Book Stall, Calicut
      KAUAET KAUAET 01/06/2019 691 RAN/EN BB 516 Books Scheme Non-fiction 225.00  
free website counter